00351nam a2200121Ia 4500008004100000020001800041082002000059100002300079245007800102250001600180260002300196300001000219210430s9999 xx 000 0 und d a81-265-0912-0 a541.369 S 194 C aStanley I. Sandler aChemical Biochemical and Engineering Thermodynamics /cStanley I. Sandler a4th edition aIndiabWileyc2006 a912 p